000 00391nam a22001337a 4500
020 _a9787119117294
082 _a339.460951
_bFOR
245 _aA foreign lens how global partners view China's poverty alleviation efforts /
260 _aBeijing;
_bForeign Language Press,
_c2019.
300 _a167p. ;
563 _aPB
942 _2ddc
_cBK
999 _c586564
_d586564